00572nam a2200181 a 45000010005000000030009000050080041000140400028000550820017000831000028001002450058001282600053001863000015002394900042002546500036002966500026003326500032003585993CO-ViMGA141112s2004 ck r 000 u spa d aCO-ViMGAbspacCO-ViMGA aR797.25 P3731 aPerea, Rosero Tucidides10aNatación II : bpolo acuático y nado sincronizado aSantafé de Bogotá : bPanAméricana, c1994 a215 p : il aReglamentos deportivos ilustrados, 1514aNADO SINCRONIZADO - REGLAMENTOS14aNATACION - REGLAMENTO14aPOLO ACUATICO - REGLAMENTOS